[Event "Moehnesee Cup-B"]
[Site "Moehnesee"]
[Date "2005.08.20"]
[Round "4"]
[White "Holzhey, Beate"]
[Black "Teufert, Patrick"]
[Result "1-0"]
[WhiteElo "1408"]
[BlackElo "918"]
[PlyCount "97"]
[EventDate "2005.08.18"]
[EventType "swiss"]
[EventRounds "7"]
[EventCountry "GER"]
[SourceTitle "CBM 108 Extra"]
[Source "ChessBase"]
[SourceDate "2005.11.04"]
[SourceVersion "1"]
[SourceVersionDate "2005.11.04"]
[SourceQuality "1"]

1. d4 d6 2. Nf3 Nf6 3. e3 g6 4. Be2 Bg7 5. 0-0 0-0 6. Nc3 Nc6 7. e4 Nd7 8. Be3 b6 9. Qd2 Bb7 10. Bh6 Nb4 11. Bxg7 Kxg7 12. a3 Nc6 13. Bd3 e5 14. d5 Nd4 15. Nxd4 exd4 16. Ne2 Ne5 17. Nxd4 Nxd3 18. Qxd3 c5 19. Ne2 Qf6 20. c4 Qe5 21. b3 Rae8 22. Ng3 a5 23. a4 Qd4 24. Qxd4+ cxd4 25. Rfd1 Rc8 26. Rxd4 Ba6 27. Nf1 Rc5 28. Ne3 Rfc8 29. f3 Kf6 30. Kf2 Ke5 31. Rd2 h5 32. Raa2 Rf8 33. Rac2 f5 34. exf5 gxf5 35. Nd1 h4 36. Nb2 Bc8 37. Nd3+ Kf6 38. Nxc5 bxc5 39. Re2 f4 40. g3 hxg3+ 41. hxg3 fxg3+ 42. Kxg3 Rg8+ 43. Kf4 Bf5 44. Rc3 Rh8 45. Rce3 Rh4+ 46. Kg3 Kg5 47. Re7 Rh3+ 48. Kg2 Rh2+ 49. Kxh2 1-0

[Event "Moehnesee Cup-B"]
[Site "Moehnesee"]
[Date "2005.08.20"]
[Round "5"]
[White "Teufert, Patrick"]
[Black "Thanabalasingam, Ajandhan"]
[Result "0-1"]
[WhiteElo "918"]
[BlackElo "1250"]
[PlyCount "76"]
[EventDate "2005.08.18"]
[EventType "swiss"]
[EventRounds "7"]
[EventCountry "GER"]
[SourceTitle "CBM 108 Extra"]
[Source "ChessBase"]
[SourceDate "2005.11.04"]
[SourceVersion "1"]
[SourceVersionDate "2005.11.04"]
[SourceQuality "1"]

1. d3 e6 2. Nf3 d5 3. g3 c5 4. Bg2 Nc6 5. Nc3 Nf6 6. Bg5 Be7 7. 0-0 0-0 8. Bf4 Nh5 9. Bd2 Nf6 10. Bf4 Qb6 11. b3 Qb4 12. Bd2 Qb6 13. Bf4 d4 14. Na4 Qd8 15. Ne5 Nxe5 16. Bxe5 Nd5 17. c4 Nc7 18. Qd2 f6 19. Bxc7 Qxc7 20. a3 Bd7 21. Qc2 Qa5 22. Bxb7 Rab8 23. Qd2 Qxd2 24. Be4 Rxb3 25. Rad1 Qxe2 26. Rfe1 Qh5 27. Bd5 exd5 28. Rxe7 Qxd1+ 29. Kg2 Bxa4 30. cxd5 Qxd3 31. d6 Qf3+ 32. Kh3 Qh5+ 33. Kg2 Bc6+ 34. f3 Qxf3+ 35. Kh3 Qg2+ 36. Kh4 Qxh2+ 37. Kg4 Rxg3+ 38. Kf4 Qf2# 0-1

[Event "Moehnesee Cup-B"]
[Site "Moehnesee"]
[Date "2005.08.18"]
[Round "1"]
[White "Teufert, Patrick"]
[Black "Kanning, Thorsten"]
[Result "0-1"]
[WhiteElo "918"]
[BlackElo "1586"]
[PlyCount "57"]
[EventDate "2005.08.18"]
[EventType "swiss"]
[EventRounds "7"]
[EventCountry "GER"]
[SourceTitle "CBM 108 Extra"]
[Source "ChessBase"]
[SourceDate "2005.11.04"]
[SourceVersion "1"]
[SourceVersionDate "2005.11.04"]
[SourceQuality "1"]

1. d3 d5 2. Nc3 g6 3. b3 Bg7 4. Bb2 Nf6 5. g3 0-0 6. Bg2 c6 7. e4 d4 8. Nce2 e5 9. c3 c5 10. Ba3 Na6 11. Nf3 Re8 12. b4 dxc3 13. Nxc3 cxb4 14. Bc1 bxc3 15. Ng5 Nc5 16. Qc2 Qxd3 17. Qxd3 Nxd3+ 18. Ke2 Nxc1+ 19. Rhxc1 h6 20. Nf3 Nxe4 21. Kd3 Nc5+ 22. Kxc3 e4+ 23. Kd2 exf3 24. Bxf3 Bxa1 25. Rxa1 Be6 26. Rc1 Red8+ 27. Ke3 b6 28. Bc6 Bd7 29. Kf3 0-1